Statistics for Towns of Morris County New Jersey

Click here to take the quiz!

General Stats

  • This quiz has been taken 13 times
  • The average score is 20 of 35

Answer Stats

HintAnswer% Correct
MMorris
100%
MMorristown
100%
MMontville
90%
CChatham
80%
DDenville
80%
JJefferson
80%
RRandolph
80%
RRoxbury
80%
BBoonton
70%
HHanover
70%
KKinnelon
70%
MMendham
70%
MMorris Plains
70%
MMount Olive
70%
PParsippany
70%
CChester
60%
DDover
60%
FFlorham Park
60%
MMountain Lakes
60%
RRockaway Borough
60%
RRockaway Township
60%
MMadison
50%
PPequannock
50%
WWharton
50%
VVictory Gardens
40%
BButler
30%
EEast Hanover
30%
LLincoln Park
30%
LLong Hill
30%
MMine Hill
30%
MMount Arlington
30%
NNetcong
30%
RRiverdale
30%
HHarding
20%
WWashington
20%

Score Distribution

Percentile by Number Answered

Percent of People with Each Score

Your Score History

You have not taken this quiz